Fishing boat tank tests
Salvato in:
| Autore principale: | |
|---|---|
| Natura: | Libro |
| Lingua: | inglese |
| Pubblicazione: |
Roma
Food and Agriculture Organization of the United Nations
1955
|
| Soggetti: | |
| Tags: |
Aggiungi Tag
Nessun Tag, puoi essere il primo ad aggiungerne!!
|
MARC
| LEADER | 00000nam a2200000 a 4500 | ||
|---|---|---|---|
| 001 | UCY3729 | ||
| 003 | CL-VaPUC | ||
| 008 | 950116e19550000IT |||||||||||||||||eng|d | ||
| 082 | 0 | 4 | |a 623.8248 |b TRA |2 21 |
| 100 | 0 | |a Traung, Jan-Olof |e author |9 332098 | |
| 245 | 1 | 0 | |a Fishing boat tank tests |
| 300 | |a 2 v | ||
| 942 | |c BK | ||
| 945 | |d 19950116 00:00:00 |a mfernand | ||
| 260 | |a Roma |b Food and Agriculture Organization of the United Nations |c 1955 | ||
| 650 | 7 | |a BARCOS PESQUEROS |2 CL-VaPUC |9 260861 | |
| 583 | |a last modification |c 19950116 00:00:00 |k Rodrigo Vera | ||
| 999 | |c 231787 |d 231785 | ||
| 952 | |0 0 |1 0 |2 ddc |4 0 |6 623_824800000000000_TRA_1955 |7 0 |8 CCM |9 235470 |a BIBCUR |b BIBCUR |c PAC |d 2019-11-15 |h v.1 |i 3051455 |o 623.8248 TRA 1955 |p 3051455 |r 2025-04-22 |w 2019-11-15 |y BK |k CIM | ||
| 952 | |0 0 |1 0 |2 ddc |4 0 |6 623_824800000000000_TRA_1955 |7 0 |8 CCM |9 235471 |a BIBCUR |b BIBCUR |c PAC |d 2019-11-15 |h v.2 |i 3051420 |o 623.8248 TRA 1955 |p 3051420 |r 2025-04-22 |w 2019-11-15 |y BK |k CIM | ||